5HLuxD.jpg

KING HENRY VIII SENIOR AND PRIMARY SCHOOL LIBRARY OPAC

Hurricane gold / (Record no. 952)

000 -LEADER
fixed length control field 01377cam a2200361 a 4500
001 - CONTROL NUMBER
control field 15506706
003 - CONTROL NUMBER IDENTIFIER
control field OSt
005 - DATE AND TIME OF LATEST TRANSACTION
control field 20191227153328.0
008 - FIXED-LENGTH DATA ELEMENTS--GENERAL INFORMATION
fixed length control field 081031r20092007nyu j 000 1 eng
010 ## - LIBRARY OF CONGRESS CONTROL NUMBER
LC control number 2008046547
020 ## - INTERNATIONAL STANDARD BOOK NUMBER
International Standard Book Number 9780141343402
035 ## - SYSTEM CONTROL NUMBER
System control number (OCoLC)ocn244065115
040 ## - CATALOGING SOURCE
Original cataloging agency DLC
Transcribing agency DLC
Modifying agency BTCTA
-- BAKER
-- BIB
-- LIQ
-- WL8
-- IHI
-- EHH
-- OCLCQ
-- DLC
042 ## - AUTHENTICATION CODE
Authentication code lcac
-- lcac
043 ## - GEOGRAPHIC AREA CODE
Geographic area code n-mx---
-- cc-----
082 ## - DEWEY DECIMAL CLASSIFICATION NUMBER
Classification number FIC HIG
100 1# - MAIN ENTRY--PERSONAL NAME
Personal name Higson, Charles,
Dates associated with a name 1958-
Relator term author
245 10 - TITLE STATEMENT
Title Hurricane gold /
Statement of responsibility, etc. Charlie Higson.
260 ## - PUBLICATION, DISTRIBUTION, ETC.
Place of publication, distribution, etc. London :
Name of publisher, distributor, etc. Puffin,
Date of publication, distribution, etc. 2012..
300 ## - PHYSICAL DESCRIPTION
Extent 354 p. ;
Dimensions 20 cm.
440 ## - SERIES STATEMENT/ADDED ENTRY--TITLE
Title Young Bond ;
Number of part/section of a work book 4.
520 ## - SUMMARY, ETC.
Summary, etc. Future spy James Bond, a teenager in the 1930s, travels from hurricane-damaged Mexico to Lagrimas Negras, a Caribbean island containing a deadly obstacle course, as he tries to rescue two American children abducted by criminals.
650 #0 - SUBJECT ADDED ENTRY--TOPICAL TERM
Topical term or geographic name entry element Criminals
Form subdivision Juvenile fiction.
650 #0 - SUBJECT ADDED ENTRY--TOPICAL TERM
Topical term or geographic name entry element Adventure stories.
650 #1 - SUBJECT ADDED ENTRY--TOPICAL TERM
Topical term or geographic name entry element Adventure and adventurers
Form subdivision Fiction.
650 #1 - SUBJECT ADDED ENTRY--TOPICAL TERM
Topical term or geographic name entry element Criminals
Form subdivision Fiction.
651 #0 - SUBJECT ADDED ENTRY--GEOGRAPHIC NAME
Geographic name Caribbean Area
General subdivision History
Chronological subdivision 1810-1945
Form subdivision Juvenile fiction.
651 #0 - SUBJECT ADDED ENTRY--GEOGRAPHIC NAME
Geographic name Mexico
General subdivision History
Chronological subdivision 1910-1946
Form subdivision Juvenile fiction.
651 #1 - SUBJECT ADDED ENTRY--GEOGRAPHIC NAME
Geographic name Mexico
General subdivision History
Chronological subdivision 1910-1946
Form subdivision Fiction.
651 #1 - SUBJECT ADDED ENTRY--GEOGRAPHIC NAME
Geographic name Caribbean Area
General subdivision History
Chronological subdivision 1810-1945
Form subdivision Fiction.
906 ## - LOCAL DATA ELEMENT F, LDF (RLIN)
a 7
b cbc
c orignew
d 1
e ecip
f 20
g y-gencatlg
942 ## - ADDED ENTRY ELEMENTS (KOHA)
Source of classification or shelving scheme
Koha item type Books - Fiction
Holdings
Withdrawn status Lost status Source of classification or shelving scheme Damaged status Not for loan Collection code Permanent Location Current Location Shelving location Date acquired Total Checkouts Full call number Barcode Date last seen Date last checked out Price effective from Koha item type
          Fiction KH8 Senior School Library KH8 Senior School Library Fiction 2019-12-27 2 FIC HIG 3KHSL000101556 2024-07-16 2020-10-13 2019-12-27 Books - Fiction

Powered By KH8 IT Dept